00330nam a2200109Ia 45000010005000000080041000050200022000460820026000681000010000942450077001042600039001813559241024s9999 xx 000 0 und d a978-0-89714-016-4 a305.086947/UN56m/2013 aUNFPA 0aMaterinidad en la niñez. Enfrentar el reto del embarazo en adolecentes bFondo de las Naciones Unidasc2013